Quá trình Itô-Lêvy và ứng dụng : Luận văn tốt nghiệp Cao học. Chuyên ngành Lý thuyết xác suất và Thống kê toán học

Đề tài trình bày một số vấn đề cơ bản về quá trình ngẫu nhiên, quá trình Levy và quá trình Levy-Itô, một số bài toán đầu tư và dự báo trong tài chính.

Uloženo v:
Podrobná bibliografie
Hlavní autor: Trần, Quang Hoàng
Médium: Kniha
Jazyk:Undetermined
Vydáno: Cần Thơ Trường Đại học Cần Thơ 2015
Témata:
Tagy: Přidat tag
Žádné tagy, Buďte první, kdo otaguje tento záznam!
Thư viện lưu trữ: Trung tâm Học liệu Trường Đại học Cần Thơ
LEADER 01027nam a2200205Ia 4500
001 CTU_203676
008 210402s9999 xx 000 0 und d
082 |a 519.22 
082 |b H407 
100 |a Trần, Quang Hoàng 
245 0 |a Quá trình Itô-Lêvy và ứng dụng : 
245 0 |b Luận văn tốt nghiệp Cao học. Chuyên ngành Lý thuyết xác suất và Thống kê toán học 
245 0 |c Trần Quang Hoàng ; Dương Tôn Đảm (Cán bộ hướng dẫn) 
260 |a Cần Thơ 
260 |b Trường Đại học Cần Thơ 
260 |c 2015 
520 |a Đề tài trình bày một số vấn đề cơ bản về quá trình ngẫu nhiên, quá trình Levy và quá trình Levy-Itô, một số bài toán đầu tư và dự báo trong tài chính. 
650 |a Stochastic analysis,Giải tích ngẫu nhiên 
904 |i Hải 
980 |a Trung tâm Học liệu Trường Đại học Cần Thơ